A Rebalancing Act for China and Africa : The Effects of China's Rebalancing on Sub-Saharan Africa's Trade and Growth /

How does China's new growth model affect sub-Saharan Africa? To address this question, this paper first looks at the growing ties between China and Africa; attempts to estimate more precisely the impact on growth through the trade channel; and finally draws some policy implications regarding wh...

Disgrifiad llawn

Manylion Llyfryddiaeth
Prif Awdur: Nord, Roger
Awduron Eraill: Chen, Wenjie
Fformat: Cylchgrawn
Iaith:English
Cyhoeddwyd: Washington, D.C. : International Monetary Fund, 2017.
Cyfres:Departmental Papers; Departmental Paper ; No. 2017/003
Mynediad Ar-lein:Full text available on IMF
LEADER 01531cas a2200253 a 4500
001 AALejournalIMF017485
008 230101c9999 xx r poo 0 0eng d
020 |c 20.00 USD 
020 |z 9781475583434 
022 |a 2616-5333 
040 |a BD-DhAAL  |c BD-DhAAL 
100 1 |a Nord, Roger. 
245 1 2 |a A Rebalancing Act for China and Africa :   |b The Effects of China's Rebalancing on Sub-Saharan Africa's Trade and Growth /  |c Roger Nord, Wenjie Chen. 
264 1 |a Washington, D.C. :  |b International Monetary Fund,  |c 2017. 
300 |a 1 online resource (32 pages) 
490 1 |a Departmental Papers 
500 |a <strong>Off-Campus Access:</strong> No User ID or Password Required 
500 |a <strong>On-Campus Access:</strong> No User ID or Password Required 
506 |a Electronic access restricted to authorized BRAC University faculty, staff and students 
520 3 |a How does China's new growth model affect sub-Saharan Africa? To address this question, this paper first looks at the growing ties between China and Africa; attempts to estimate more precisely the impact on growth through the trade channel; and finally draws some policy implications regarding whether this means an end of the Africa Rising narrative or merely the beginning of a new chapter. 
538 |a Mode of access: Internet 
700 1 |a Chen, Wenjie. 
830 0 |a Departmental Papers; Departmental Paper ;  |v No. 2017/003 
856 4 0 |z Full text available on IMF  |u http://elibrary.imf.org/view/journals/087/2017/003/087.2017.issue-003-en.xml  |z IMF e-Library